000 00688nam a2200193Ia 4500
003 GCL
008 140319s9999 xx 000 0 ara d
040 _aGCL /
_cGCL
082 0 4 _a813.009
_bا ر \\=aحصة ابراهيم المنيفv
245 1 0 _aالرواية العربية :
_bمقدمه تاريخية ونقدية
700 1 _aالن ، روجر
260 _aالقاهرة :
_bالمجلس الاعلى للثقافة ،
_c1997
300 _a340 ص ؛
_c22 سم
490 _aالمشروع القومى للترجمة
_v34
650 0 4 _aالادب العربى
650 0 4 _aالادب
650 0 4 _aالقصص العربية - تاريخ ونقد
942 _2ddc
_cBK
999 _c52186
_d52186